| 000 | 00630nam a2200241Ia 4500 | ||
|---|---|---|---|
| 003 | 0100 | ||
| 008 | 130303s9999 xx 000 0 und d | ||
| 040 | _cARRUPELIB | ||
| 050 | _aBL1900.A1S3 1962 | ||
| 245 | 4 | _aThe Sacred books of China | |
| 245 | _bthe texts of Taoism | ||
| 260 | _aNew York | ||
| 260 | _bDover Publications | ||
| 260 | _C1962 | ||
| 300 | _a396p. | ||
| 300 | _b 23 cm. | ||
| 440 | _aThe sacred books of the east | ||
| 650 | _bHolocaust, Jewish (1939-1945) | ||
| 650 | _cJews-Germany-History-1933-1945 | ||
| 650 | _dGermany-Ethnic relations | ||
| 700 | _aLegge, James (tr.) | ||
| 942 |
_2lcc _02 |
||
| 999 |
_c58650 _d58650 |
||